Corporaciones trasnacionales y fuerza de trabajo en el mundo subdesarrollado: el caso de las maquiladoras de exportación /
محفوظ في:
| المؤلف الرئيسي: | |
|---|---|
| التنسيق: | نص |
| الوسوم: |
إضافة وسم
لا توجد وسوم, كن أول من يضع وسما على هذه التسجيلة!
|
MARC
| LEADER | 00000 a a2200000 04500 | ||
|---|---|---|---|
| 001 | 41788 | ||
| 003 | |||
| 040 | |||
| 100 | |a Villarespe, Verónica | ||
| 245 | |a Corporaciones trasnacionales y fuerza de trabajo en el mundo subdesarrollado: |b el caso de las maquiladoras de exportación / |c Verónica Villarespe | ||
| 500 | |a EMPRESAS TRANSNACIONALESPAISES EN DESARROLLOMAQUILAS MIGRACION CLASE OBRERASOCIALISMO | ||
| 773 | |g volumen12, número45 ( , 1981), páginas 145-168 | ||
| 999 | |c 35444 |d 35444 | ||
